[Event "9. Griesheimer Schachtage 2013"]
[Site "?"]
[Date "2013.??.??"]
[Round "5.23"]
[White "Gloeckner, Hank"]
[Black "Sljivac, Zeljko-Mario"]
[Result "0-1"]
[WhiteElo "1450"]
[BlackElo "1426"]
[PlyCount "70"]

1. Nc3 d5 2. Nf3 Nf6 3. e3 e6 4. Ne5 Bd6 5. d4 O-O 6. g4 c5 7. g5 Bxe5 8. dxe5
Nfd7 9. f4 a6 10. h4 b5 11. Ne2 Bb7 12. Bg2 Qc7 13. Ng3 Nc6 14. e4 d4 15. Nh5
Rad8 16. Bd2 Nb6 17. Qg4 Kh8 18. Ng3 Nc4 19. O-O-O Nxd2 20. Rxd2 c4 21. b3 Qa5
22. Qf3 c3 23. Rf2 Qxa2 24. Kd1 Nb4 25. Ke1 Nxc2+ 26. Rxc2 Qxc2 27. Nf1 Qxb3
28. Qd3 Qc4 29. Qxc4 bxc4 30. Kd1 Bc6 31. Ng3 Ba4+ 32. Ke1 d3 33. Kf2 d2 34.
Ne2 c2 35. Nc3 c1=Q 0-1